Načítá se...
Kerala Vikasana Mathruka Prathisanthiyum Parihara Margangalum
| Hlavní autor: | |
|---|---|
| Médium: | Printed Book |
| Jazyk: | Malayalam |
| Vydáno: |
Thiruvananthapuram
Prabhath Book House
2003
|
| LEADER | 00529nam a2200121Ia 4500 | ||
|---|---|---|---|
| 008 | 111204s9999 xx 000 0 mal d | ||
| 100 | |a Chandra Sekaran Nair ,E | ||
| 245 | |a Kerala Vikasana Mathruka Prathisanthiyum Parihara Margangalum |c Chandra Sekaran Nair ,E | ||
| 260 | |b Prabhath Book House |a Thiruvananthapuram |c 2003 | ||
| 300 | |a 104p. | ||
| 942 | |c BK | ||
| 999 | |c 228233 |d 228233 | ||
| 952 | |0 0 |1 0 |2 ddc |4 0 |6 338_900000000000000_CHA_K |7 0 |9 252024 |a MAL |b MAL |c ST1 |d 2011-12-05 |g 0.00 |l 2 |o 338.9 CHA/K |p MAL28586 |r 2019-10-24 |s 2019-09-05 |v 50.00 |w 2011-12-05 |y BK | ||